| 000 | 00632nam a2200229 4500 | ||
|---|---|---|---|
| 003 | OSt | ||
| 005 | 20260601193855.0 | ||
| 008 | 260508t2007 xxua|||| |||| 00| 0 eng d | ||
| 040 |
_aICI _bspa _cICI |
||
| 041 | _aeng | ||
| 050 |
_aNC998 _bI68 |
||
| 245 | 1 | _aInternational book of office pictography | |
| 264 |
_aGrand Rapids, Michigan : _bSteelcase Development, _c2007 |
||
| 300 |
_a26 páginas : _bilustraciones |
||
| 336 |
_atexto _2rdacontent |
||
| 337 |
_asin medio _2rdamedia |
||
| 338 |
_avolumen _2rdacarrier |
||
| 650 | _aPictogramas | ||
| 650 | _aSímbolos gráficos | ||
| 650 | _aDiseño gráfico | ||
| 942 |
_2lcc _cB _n1 |
||
| 999 |
_c22034 _d22034 |
||